Power generation, operation, and control

Guardado en:
Detalles Bibliográficos
Autor principal: Wood, Allen J.
Otros Autores: Wollenberg, Bruce F.
Formato: Libro
Lenguaje:English
Publicado: New York : J. Wiley, 1996.
Edición:2nd ed.
Materias:
Etiquetas: Agregar Etiqueta
Sin Etiquetas, Sea el primero en etiquetar este registro!
Thư viện lưu trữ: Mạng thư viện Đại học Đà Nẵng
LEADER 00904cmm a2200337 i 4500
001 000049959
003 10135
005 20041027084925.0
008 010426b1996 vm 000 eng
020 |a 0471586994 
040 |a IRC  |c IRC  |d IRC 
041 0 |a eng 
082 1 4 |a 621.31  |b WO-A 
100 1 |a Wood, Allen J. 
245 1 0 |a Power generation, operation, and control  |h [Float Disk - Đĩa mềm] /  |c Allen J. Wood, Bruce F. Wollenberg. 
250 |a 2nd ed. 
260 |a New York :  |b J. Wiley,  |c 1996. 
300 |a 1 computer disk ;  |c 3 1/2 in. 
630 0 4 |a Electric power systems. 
650 0 4 |a Electric power systems. 
700 1 |a Wollenberg, Bruce F. 
OWN |a DUT 
999 |a From the UDN01 
TYP |a Computer file 
TYP |a Monograph 
980 |a Mạng thư viện Đại học Đà Nẵng